|
|
|
|
| LEADER |
01003nam a2200301 4500 |
| 001 |
DLU090091955 |
| 005 |
##20091201 |
| 040 |
# |
# |
|a DLU
|b eng
|
| 041 |
# |
# |
|a eng
|
| 044 |
# |
# |
|a us
|
| 100 |
# |
# |
|a Tilsala-Timisjarvi, Anu.
|
| 245 |
# |
# |
|a Strain-specific identification of probiotic lactobacillus rhamnosus with randomly amplified polymorphic DNA-derived PCR primers /
|c Anu Tilsala-Timisjarvi, Tapani Alatossava.
|
| 653 |
# |
# |
|a Bacteria
|
| 653 |
# |
# |
|a Dairy industry
|
| 653 |
# |
# |
|a Homology
|
| 653 |
# |
# |
|a Random amplified polymorphic DNA markers
|
| 653 |
# |
# |
|a Strain specificity
|
| 700 |
# |
# |
|a Alatossava, Tapani.
|
| 773 |
# |
# |
|t Applied and Environmental Microbiology
|g Vol. 64, no. 12 (December 1998), p. 4816-4819
|
| 920 |
# |
# |
|a Phòng Tạp chí -- Trung tâm Thông tin - Thư viện Trường Đại học Đà Lạt
|
| 994 |
# |
# |
|a DLU
|
| 900 |
# |
# |
|a True
|
| 911 |
# |
# |
|a Trương Bảo Trâm Anh
|
| 925 |
# |
# |
|a G
|
| 926 |
# |
# |
|a A
|
| 927 |
# |
# |
|a BB
|
| 980 |
# |
# |
|a Thư viện Trường Đại học Đà Lạt
|